Renas do Papai Noel - Campo Minado - Statistics

Estatísticas Gerais
  • Esse quiz foi jogado 24 vezes
  • A pontuação média é 3 de 9
Answers on the Grid
Answers color-coded by a green-red scale on the quiz's grid according to % correct below.
Corredora
Natalina
Trovão
Sorvete
Dourado
Raposa
Cupido
Abóbora
Luminosa
Relâmpago
Voador
Dançarina
Biscoito
Alegria
Rodolfo
Empinadora
Gelado
Cometa
 
Estatísticas das Respostas
Resposta % Correto
Corredora
56%
Relâmpago
56%
Cometa
50%
Rodolfo
44%
Empinadora
38%
Trovão
38%
Dançarina
25%
Raposa
19%
Cupido
13%
Nenhum quiz correspondente encontrado
Distribuição das Pontuações
Porcentagem de Pessoas com Cada Pontuação
Percentil de Números Respondidos
Sua Pontuação Histórica
Você não jogou esse quiz